000 00655cam a22002053a 4500
001 40901
003 PGUSA
005 20140828083921.0
008 120930s2012||||xxu|||||s|||||000 | eng d
040 _aPGUSA
_beng
042 _adc
100 1 _aCelnart, Elisabeth
245 1 4 _aThe Gentleman and Lady's Book of Politeness and Propriety of Deportment, Dedicated to the Youth of Both Sexes
_h[electronic resource] /
_cElisabeth Celnart
260 _bProject Gutenberg,
_c2012
506 _aPublic domain in the USA.
516 _aElectronic text
830 0 _aProject Gutenberg
_v40901
856 4 0 _uhttp://www.gutenberg.org/ebooks/40901
942 _cEB
999 _c270153
_d270153